zpět

Detail výsledku týmu

A-Sport, Hradec Králové

Datum a čas kvízu

38 Celkem bodů Celkový počet nahraných bodů na tomto kvízu bez doplňovacích otázek.
2. Pořadí na kvízu Konečné umístění týmu na tomto kvízu.

Zaznamenané odpovědi

# Otázka Odpověď Body Výsledky
1. "Po ___ společných letech plný... třiceti 1
2. Ve které evropské zemi vyhrála... v Chorvatsku 0
3. Devětadvacetiletý Nigerijec Tu... hrál šachy 1
4. Abstraktní obraz Conception/Da... František Kupka 1
5. Ligová fotbalová asociace zveř... Chance 0
6. Bolívie má, stejně jako několi... Sucre; La Paz 0.5
7. Které evropské hlavní město se... Oslo 0
8. Zatímco některé země mají hlav... o Nauru 0
9. Které malebné hlavní město lež... Tallinn 1
10. Kazachstán drží rekord v přejm... Astana; Nur-Sultan 0.5